Antibiotiká na prelome tretieho tisícročia: vstupujeme do post-antibiotickej éry?

Bibliographic Details
Main Authors: Králiková, Kvetoslava (Author), Krčméry, Vladimír, 1931-2014 (Author), Menkyna, Radko, 1926-2012 (Author)
Format: Article
Language:Slovak
PhysicalDescription:Obr. 1, tab. 2, res. angl., slov., lit. 25 zázn.
ISSN:0457-4214
Subjects:

MARC

LEADER 00000nab a2200000 a 4500
001 vtls000639267
003 SK-MaSNL
005 20260304084555.0
008 250425c1997 xo 0 slo
015 |a SNBRB19rr/mm-uuuuu 
035 |a CL0639406 
035 |a urn:nbn:sk:snk-ab6ltu 
035 |a (uuid)f5af651d-f13d-4d6d-b91c-b9740aea7854 
035 |a (urnnbn)urn:nbn:sk:snk:ar-005grx 
035 |a (sysno)vtls000639267 
040 |a SNKBUCL  |b slo  |c SNKBUCL  |e AACR2 
041 0 |a slo 
044 |a xo  |c SK 
080 |a 615.33"20"  |2 1981 
100 1 |a Králiková, Kvetoslava  |4 aut  |9 472975 
245 1 0 |a Antibiotiká na prelome tretieho tisícročia: vstupujeme do post-antibiotickej éry?  |c Kvetoslava Králiková, Vladimír Krčméry, Radko Menkyna 
300 |b Obr. 1, tab. 2, res. angl., slov., lit. 25 zázn. 
650 0 7 |a antibiotiká  |2 snkbucl  |9 2424 
650 0 7 |a antibiotická rezistencia  |2 snkbucl  |9 14840 
655 7 |a články z novín a časopisov  |2 snkbucl  |9 267496 
700 1 |a Krčméry, Vladimír,  |d 1931-2014  |4 aut  |9 175351 
700 1 |a Menkyna, Radko,  |d 1926-2012  |4 aut  |9 190070 
773 0 |t Lekársky obzor  |g Roč. 46, č. 9 (1997), s. 225-229  |x 0457-4214 
850 |a Slovenská národná knižnica 
852 |a Slovenská národná knižnica 
954 |a odborná, vedecká literatúra pôvodná (slovenská)  |2 lita 
958 |a article2022 
958 |a OND 
958 |a NB 
958 |a MI 
958 |a RK 
958 |a EUIPO 
992 |a RBX 
999 |c 2804049  |d 2805979